Pemurnian Pasir Silika Di Leban Chondong,Rompin Pahang Darul Makmur. RAK (G12) (Record no. 27192)

000 -LEADER
fixed length control field 00420nam a22001217a 4500
008 - FIXED-LENGTH DATA ELEMENTS--GENERAL INFORMATION
fixed length control field 260407t2007 my 000 0 my d
100 ## - MAIN ENTRY--PERSONAL NAME
Fuller form of name Hamlee bin Ismail
245 ## - TITLE STATEMENT
Title Pemurnian Pasir Silika Di Leban Chondong,Rompin Pahang Darul Makmur. RAK (G12)
250 P# - EDITION STATEMENT
Edition statement Universiti Kebangsaan Malaysia
260 ## - PUBLICATION, DISTRIBUTION, ETC.
Place of publication, distribution, etc. Perak
Name of publisher, distributor, etc. Jabatan Mineral & Geosains Malaysia Bahagian Teknikal
Date of publication, distribution, etc. 2007
300 ## - PHYSICAL DESCRIPTION
Extent ill:12p.30.22cm
942 ## - ADDED ENTRY ELEMENTS (KOHA)
Source of classification or shelving scheme

No items available.